Cómo manejar las cuestiones medioambientales: en defensa de una reforma sustancial /
Αποθηκεύτηκε σε:
| Κύριος συγγραφέας: | |
|---|---|
| Άλλοι συγγραφείς: | |
| Μορφή: | Κείμενο |
| Θέματα: | |
| Ετικέτες: |
Προσθήκη ετικέτας
Δεν υπάρχουν, Καταχωρήστε ετικέτα πρώτοι!
|
MARC
| LEADER | 00000 a a2200000 04500 | ||
|---|---|---|---|
| 001 | 9700 | ||
| 003 | |||
| 040 | |||
| 100 | |a Morton, Andrew | ||
| 245 | |a Cómo manejar las cuestiones medioambientales: |b en defensa de una reforma sustancial / |c Andrew Morton ; David Jensen | ||
| 650 | |a MEDIO AMBIENTE | ||
| 650 | |a REFUGIUADOS | ||
| 700 | |a Jensen, David | ||
| 773 | |g número 29; páginas 46-47 | ||
| 999 | |c 30624 |d 30624 | ||
| 773 | 0 | |0 19267 |9 6778 |a Centro de Estudios sobre Refugiados |d Universidad de Oxford ; Centro de Estudios sobre Refugiados |o 04545 |t Migraciones Forzadas: |x 14609819 | |
